000 00540nam a22001577a 4500
005 2012022506406.0
020 _a8180690652
_c500.00
035 _aB-167290
037 _aDPL
_bENG
100 _aSingh, Sahib
_942995
245 _aLibrary and literacy movement for national development /
_cby Sahib Singh
260 _aNew Delhi
_bConcept Publishing Company
_c2003
300 _axxvi, 286p.
_c22 cms.
942 _2ddc
_cEN
_h020
_mSAH
999 _c63434
_d63434